Catàleg de centres hospitalaris de Catalunya
Publicado:
Barcelona :
Generalitat de Catalunya, Departament de Sanitat i Seguretat Social, Direcció General d'Ordenació i Planificació Sanitària ,
1986
Descripción Física:
[113] p. : amb map. ; 21 cm
MARC
| LEADER | 00000nam a2200000Ia 4500 | ||
|---|---|---|---|
| 001 | 6673 | ||
| 008 | 160829s1986 xx 000 0 cat d | ||
| 080 | |a C-2-37 | ||
| 245 | |a Catàleg de centres hospitalaris de Catalunya | ||
| 260 | |a Barcelona : |b Generalitat de Catalunya, Departament de Sanitat i Seguretat Social, Direcció General d'Ordenació i Planificació Sanitària, |c 1986 | ||
| 300 | |a [113] p. : |b amb map. ; |c 21 cm | ||
| 650 | |a Hospitals |x Catalunya |x Directoris |9 37449 | ||
| 650 | 0 | |a Salut pública |z Catalunya |9 19129 | |
| 710 | 1 | |a Catalunya. |b Direcció General d'Ordenació i Planificació Sanitària |9 56422 | |
| 901 | |a Arxiu | ||
| 942 | |n 1 | ||
| 952 | |0 0 |1 0 |4 0 |6 C237 |7 1 |9 47871 |a Arxiu |b Arxiu |d 2016-12-01 |l 0 |o C-2-37 |p 6673 |r 2016-12-01 00:00:00 |w 2016-12-01 |y ARXIU | ||
| 999 | |c 51671 |d 51671 | ||